000 00261nam a22001097a 4500
082 _a629.8323 VAL'B
100 _aVALKENBURGH, VAN
_941693
245 _aBASIC SYNCHROS AND SERVOMECHANICS PART0-2
260 _aLONDON
_bTP
_c1968
300 _a2-110P
942 _cBK
999 _c584631
_d584631